01807nam a22003737a 4500003000400000005001700004008004100021040002200062082001500084100003900099245005100138260008200189300001900271490000700290505006500297505003600362505004100398505004200439505009200481505007800573505007300651505005500724505005300779505005800832505007400890505005600964505011001020505007501130650006001205650006101265650005601326942003601382999001501418OSt20230302164904.0221006b |||||||| |||| 00| 0 eng d cBiblioteca Lado V a320bM743c 9782aMonge, Luis Albertoedirector aCombate/bHomenaje a la Revolución Mexicana/ bInstituto Internacional de Educación Políticac1960aSan Jose, Costa Rica c18x25cma119p. a13 tNuestro Homenaje a la Revolución Mexicana rNorman Thomas  tPresentación de la Edición  tPresencia de Dn. Adolfo Lopez Mateos rFidel VelazqueztLa Conjura Comunista rAlfonso Teja ZabretProceso Histórico de Mexico: Independencia Reforma, Revolución  rLuis QuintanillatProyección Internacional de la Revolución Mexicana  rAgustin Cue Canovas tEl Aspecto Social de la Revolución Mexicana  rRosendo SalazartEl Movimiento Sindical de Mexico  rFrancisco J. Macin tLa Seguridad Social Mexico  tLa Evolución de la Reforma AgrariarRoberto Barrios tLa Emancipación de la Población Indígena rMiguel Leon Barrios  tLa Mujer en la Historia de MexicorLaura Palavicini tDinámica de la Economía Mexicana: de la Reforma Agraria a la Revolución Industrial rEdmundo Flores tLos Problemas de la Industrialización de Mexico rJose Domingo Lavin 2Tesauro de Arte & ArquitecturaaCIENCIAS POLITICAS9703 2Tesauro de Arte & ArquitecturaaPOLITICA CENTROAMERICANA 2Tesauro de Arte & ArquitecturaaPUBLICACION SERIADA 2ddcc1h320iM743cn0eEspecial c3135d3135